Community participation in China : (Record no. 586328)
[ view plain ]
| 000 -LEADER | |
|---|---|
| fixed length control field | 02694cam a22003014a 4500 |
| 020 ## - INTERNATIONAL STANDARD BOOK NUMBER | |
| International Standard Book Number | 1844070867 (alk. paper) |
| 082 00 - DEWEY DECIMAL CLASSIFICATION NUMBER | |
| Classification number | 307.1412/0951 |
| 245 00 - TITLE STATEMENT | |
| Title | Community participation in China : |
| Remainder of title | issues and processes for capacity building / |
| Statement of responsibility, etc. | edited by Janelle Plummer and John G. Taylor. |
| 260 ## - PUBLICATION, DISTRIBUTION, ETC. | |
| Place of publication, distribution, etc. | London ; |
| -- | Sterling, VA : |
| Name of publisher, distributor, etc. | Earthscan, |
| Date of publication, distribution, etc. | 2004. |
| 300 ## - PHYSICAL DESCRIPTION | |
| Extent | xxv, 358 p. : |
| Other physical details | ill. ; |
| Dimensions | 24 cm. |
| 504 ## - BIBLIOGRAPHY, ETC. NOTE | |
| Bibliography, etc. note | Includes bibliographical references (p. [345]-349) and index. |
| 650 #0 - SUBJECT ADDED ENTRY--TOPICAL TERM | |
| Topical term or geographic name entry element | Economic development projects |
| 650 #0 - SUBJECT ADDED ENTRY--TOPICAL TERM | |
| Topical term or geographic name entry element | Rural development |
| 650 #0 - SUBJECT ADDED ENTRY--TOPICAL TERM | |
| Topical term or geographic name entry element | Community organization |
| 650 #0 - SUBJECT ADDED ENTRY--TOPICAL TERM | |
| Topical term or geographic name entry element | Community development |
| 650 #0 - SUBJECT ADDED ENTRY--TOPICAL TERM | |
| Topical term or geographic name entry element | Local government |
| 700 1# - ADDED ENTRY--PERSONAL NAME | |
| Personal name | Plummer, Janelle. |
| 700 1# - ADDED ENTRY--PERSONAL NAME | |
| Personal name | Taylor, John G., |
| Dates associated with a name | 1947- |
| 942 ## - ADDED ENTRY ELEMENTS (KOHA) | |
| Source of classification or shelving scheme | |
| Koha item type | Book |
| 650 #0 - SUBJECT ADDED ENTRY--TOPICAL TERM | |
| -- | 24590 |
| 650 #0 - SUBJECT ADDED ENTRY--TOPICAL TERM | |
| -- | 24591 |
| 650 #0 - SUBJECT ADDED ENTRY--TOPICAL TERM | |
| -- | 24592 |
| 650 #0 - SUBJECT ADDED ENTRY--TOPICAL TERM | |
| -- | 24593 |
| 650 #0 - SUBJECT ADDED ENTRY--TOPICAL TERM | |
| -- | 24594 |
| 700 1# - ADDED ENTRY--PERSONAL NAME | |
| -- | 24595 |
| 700 1# - ADDED ENTRY--PERSONAL NAME | |
| -- | 24596 |
| 710 1# - ADDED ENTRY--CORPORATE NAME | |
| -- | 24597 |
| 710 2# - ADDED ENTRY--CORPORATE NAME | |
| -- | 24598 |
| Withdrawn status | Lost status | Source of classification or shelving scheme | Damaged status | Not for loan | Permanent Location | Current Location | Date acquired | Source of acquisition | Total Checkouts | Full call number | Barcode | Date last seen | Price effective from | Koha item type |
|---|---|---|---|---|---|---|---|---|---|---|---|---|---|---|
| Central Library (CL) | Central Library (CL) | 08/31/2021 | Progressive International Agencies | 307.14120951 PLU | CL-613 | 08/31/2021 | 08/31/2021 | Book |
